[Event "Acropolis 2008"]
[Site "Athens"]
[Date "2008.08.11"]
[Round "3.7"]
[White "Rasmussen, Allan Stig"]
[Black "Atakisi, Umut"]
[Result "1/2-1/2"]
[WhiteElo "2519"]
[BlackElo "2388"]
[PlyCount "112"]
[EventDate "2008.08.09"]

1. e4 c5 2. Nf3 Nc6 3. d4 cxd4 4. Nxd4 Nf6 5. Nc3 e5 6. Ndb5 d6 7. Bg5 a6 8.
Na3 b5 9. Nd5 Be7 10. Bxf6 Bxf6 11. c3 Bg5 12. Nc2 Ne7 13. h4 Bh6 14. a4 bxa4
15. Ncb4 O-O 16. Qxa4 a5 17. Bb5 Nxd5 18. Nxd5 Be6 19. Bc6 Rb8 20. b4 Bxd5 21.
Bxd5 axb4 22. cxb4 Qb6 23. Rb1 Kh8 24. O-O f5 25. Qa5 fxe4 26. Qxb6 Rxb6 27.
Rb3 Bd2 28. b5 e3 29. fxe3 Rxf1+ 30. Kxf1 g6 31. Bc6 h5 32. Ke2 Ba5 33. Ra3 Bb4
34. Ra8+ Kg7 35. e4 Bc5 36. Kd3 Bf2 37. Kc4 Bxh4 38. Kd5 Bf2 39. Kxd6 Bd4 40.
Ke6 Bc3 41. Ra6 Rxa6 42. bxa6 Bd4 43. Bb5 h4 44. Be2 Kf8 45. Bb5 Kg7 46. Bd7 g5
47. Kd6 g4 48. Bxg4 Kf6 49. Bf5 Kg5 50. Kc6 Kf4 51. Kb7 Kg3 52. a7 Bxa7 53.
Kxa7 Kxg2 54. Kb6 Kf3 55. Kc5 h3 56. Bxh3 Kxe4 1/2-1/2

[Event "Acropolis 2008"]
[Site "Athens"]
[Date "2008.08.11"]
[Round "3.8"]
[White "Roy Chowdhury, Saptarshi"]
[Black "Svetushkin, Dmitry"]
[Result "1/2-1/2"]
[WhiteElo "2411"]
[BlackElo "2587"]
[PlyCount "127"]
[EventDate "2008.08.09"]

1. e4 e5 2. Nf3 Nc6 3. Bc4 Bc5 4. c3 Nf6 5. d3 a6 6. Bb3 d6 7. h3 h6 8. Nbd2
O-O 9. Nf1 Be6 10. g4 d5 11. Qe2 Na5 12. g5 Nxb3 13. axb3 hxg5 14. Bxg5 Be7 15.
Ng3 Nxe4 16. Bxe7 Nxg3 17. Bxd8 Nxe2 18. Bg5 Nf4 19. Nxe5 Nxh3 20. Be3 Rfe8 21.
Kd2 f6 22. Nf3 Kf7 23. b4 Rh8 24. Nd4 Bd7 25. f4 Rae8 26. Rh2 Rh7 27. Rg2 Reh8
28. Nf3 Rh5 29. Rf1 R8h6 30. Ng5+ Kg8 31. Nf3 c6 32. b3 Bf5 33. Nd4 Kf7 34. Rf3
Bd7 35. Rfg3 g6 36. Nf3 Bf5 37. Nd4 Rh7 38. c4 dxc4 39. bxc4 Rh4 40. Ne2 Rh8
41. Kc3 Rd8 42. Nd4 Nxf4 43. Bxf4 Rxf4 44. Nxf5 Rxf5 45. Rxg6 Rd7 46. Rg7+ Ke6
47. Re2+ Kd6 48. Rg3 Re5 49. Rh2 a5 50. Rf3 axb4+ 51. Kxb4 Ke6 52. Kc3 b5 53.
Rh6 Rf5 54. Rxf5 Kxf5 55. cxb5 cxb5 56. Rh5+ Kg4 57. Rxb5 f5 58. d4 f4 59. d5
f3 60. Kd4 f2 61. Rb1 Kf3 62. Kc5 Rc7+ 63. Kb6 Rc2 64. Rf1 1/2-1/2

[Event "Acropolis 2008"]
[Site "Athens"]
[Date "2008.08.11"]
[Round "3.11"]
[White "Kolev, Atanas"]
[Black "Zawadzka, Jolanta"]
[Result "1-0"]
[WhiteElo "2565"]
[BlackElo "2389"]
[PlyCount "89"]
[EventDate "2008.08.09"]

1. d4 Nf6 2. Nf3 g6 3. Bg5 Bg7 4. Nbd2 c5 5. c3 cxd4 6. cxd4 O-O 7. e3 b6 8.
Be2 Bb7 9. O-O d6 10. Qb3 Nbd7 11. a4 h6 12. Bh4 Rc8 13. a5 Qc7 14. axb6 axb6
15. Bb5 g5 16. Bg3 Bd5 17. Qd3 Qc2 18. e4 Qxd3 19. Bxd3 Ba8 20. Ra7 Rfd8 21. h3
e5 22. Rfa1 d5 23. exd5 exd4 24. Bc7 Re8 25. d6 Nh7 26. Bb5 Nhf8 27. Nc4 Bxf3
28. gxf3 Re6 29. Kf1 Rf6 30. Ra8 Rxa8 31. Rxa8 Kh7 32. Rd8 Nc5 33. Bxb6 Nce6
34. Re8 Rxf3 35. Bc6 Rf4 36. d7 Nxd7 37. Bxd7 d3 38. Bxe6 fxe6 39. b3 e5 40.
Be3 Rh4 41. Kg2 e4 42. Nd6 g4 43. Re7 gxh3+ 44. Kh1 Rg4 45. Nf5 1-0

[Event "Acropolis 2008"]
[Site "Athens"]
[Date "2008.08.11"]
[Round "3.12"]
[White "Secer, Ata"]
[Black "Mastrovasilis, Athanasios"]
[Result "1/2-1/2"]
[WhiteElo "2320"]
[BlackElo "2518"]
[PlyCount "59"]
[EventDate "2008.08.09"]

1. e4 e5 2. Nf3 Nc6 3. Bb5 a6 4. Ba4 Nf6 5. O-O Be7 6. Re1 b5 7. Bb3 d6 8. c3
O-O 9. h3 Na5 10. Bc2 c5 11. d4 Qc7 12. Nbd2 cxd4 13. cxd4 Bb7 14. d5 Rac8 15.
Bb1 Nh5 16. Nb3 g6 17. Nxa5 Qxa5 18. Bd2 Qa4 19. Qxa4 bxa4 20. Bb4 Rfe8 21. b3
axb3 22. axb3 Rb8 23. Bd2 Bc8 24. Bd3 Rxb3 25. Bxa6 Bxa6 26. Rxa6 f5 27. exf5
gxf5 28. Bg5 Rxf3 29. Bxe7 Rd3 30. Bxd6 1/2-1/2

[Event "Acropolis 2008"]
[Site "Athens"]
[Date "2008.08.11"]
[Round "3.13"]
[White "Sandalakis, Angelos"]
[Black "Danielian, Elina"]
[Result "1/2-1/2"]
[WhiteElo "2341"]
[BlackElo "2495"]
[PlyCount "79"]
[EventDate "2008.08.09"]

1. e4 e6 2. d4 d5 3. Nc3 Nf6 4. Bg5 Be7 5. e5 Nfd7 6. Bxe7 Qxe7 7. f4 a6 8. Nf3
c5 9. Qd2 Nc6 10. dxc5 Nxc5 11. Bd3 b5 12. O-O O-O 13. Ne2 b4 14. Ned4 Nxd4 15.
Nxd4 a5 16. Qe3 Qc7 17. Rae1 Qb6 18. Kh1 Re8 19. Rf3 Ne4 20. Bxe4 dxe4 21. Rg3
g6 22. Nb3 Qxe3 23. Rgxe3 Bb7 24. Nc5 Bd5 25. Nxe4 Bxe4 26. Rxe4 Rac8 27. R4e2
Rc4 28. g3 Rec8 29. Rc1 h5 30. Kg2 h4 31. Kf3 hxg3 32. hxg3 Kg7 33. Rh2 a4 34.
Rd2 a3 35. bxa3 Rc3+ 36. Kg4 Rxa3 37. Rb1 Rxa2 38. Rxb4 Raxc2 39. Rd7 R2c7 40.
Rxc7 1/2-1/2

[Event "Acropolis 2008"]
[Site "Athens"]
[Date "2008.08.11"]
[Round "3.14"]
[White "Aggelis, Nikolaos"]
[Black "Dzagnidze, Nana"]
[Result "0-1"]
[WhiteElo "2271"]
[BlackElo "2458"]
[PlyCount "132"]
[EventDate "2008.08.09"]

1. Nf3 Nf6 2. g3 b6 3. Bg2 Bb7 4. O-O e6 5. c4 c5 6. Nc3 Be7 7. d4 cxd4 8. Qxd4
d6 9. Rd1 a6 10. b3 Nbd7 11. e4 Qc7 12. Ba3 Nc5 13. e5 dxe5 14. Qxe5 Rc8 15.
Qxc7 Rxc7 16. Ne5 Bxg2 17. Kxg2 O-O 18. Bb2 Rfc8 19. Rd2 Nfe4 20. Nxe4 Nxe4 21.
Rd4 Nc5 22. Rad1 b5 23. cxb5 axb5 24. Nd7 f6 25. Nxc5 Bxc5 26. Rd8+ Rxd8 27.
Rxd8+ Kf7 28. Bd4 Be7 29. Rb8 b4 30. Bb6 Rd7 31. Ba5 Rd4 32. Bb6 Rd5 33. Rc8 e5
34. Rc4 Ke6 35. Kf3 f5 36. Ke2 g5 37. f3 h5 38. h3 Rb5 39. Be3 Ra5 40. Rc2 f4
41. gxf4 gxf4 42. Bf2 Kf5 43. Kd3 Ra8 44. Ke2 Bd6 45. Rd2 Ra6 46. Rc2 Bb8 47.
Bc5 Bd6 48. Bf2 e4 49. fxe4+ Kxe4 50. Rc4+ Kf5 51. Rc2 Be5 52. Be1 Rg6 53. Kf3
Bc3 54. Bh4 Rd6 55. Kg2 Rd3 56. Bf2 f3+ 57. Kg3 Ke4 58. Bc5 Be5+ 59. Kf2 Rc3
60. Rxc3 bxc3 61. Ba3 Bf4 62. b4 c2 63. b5 c1=Q 64. Bxc1 Bxc1 65. a4 Be3+ 66.
Kg3 Bb6 0-1

[Event "Acropolis 2008"]
[Site "Athens"]
[Date "2008.08.11"]
[Round "3.16"]
[White "Sandu, Mihaela"]
[Black "Grigoriadis, Alexandros"]
[Result "1-0"]
[WhiteElo "2288"]
[BlackElo "2417"]
[PlyCount "93"]
[EventDate "2008.08.09"]

1. e4 c5 2. Nc3 e6 3. f4 d5 4. Nf3 Nf6 5. d3 Nc6 6. Be2 Be7 7. O-O O-O 8. Bd2
Rb8 9. Qe1 b5 10. e5 Ne8 11. Qg3 b4 12. Nd1 f5 13. exf6 Bxf6 14. Be3 d4 15. Bd2
Nd6 16. Ng5 Bxg5 17. fxg5 Rxf1+ 18. Kxf1 Nf5 19. Qf4 Rb7 20. Kg1 Rf7 21. Qe4
Qd6 22. Nf2 Bb7 23. Ng4 Nfe7 24. Rf1 Rxf1+ 25. Kxf1 Ng6 26. Bf3 Nd8 27. Qe2 Bd5
28. Be4 Nf7 29. g3 a5 30. b3 Nfe5 31. Nxe5 Qxe5 32. Bxg6 Qxe2+ 33. Kxe2 hxg6
34. Bf4 a4 35. Bd6 c4 36. dxc4 Be4 37. Kd2 Kf7 38. bxa4 Ke8 39. Be5 Kd7 40.
Bxd4 Kc6 41. c3 e5 42. Be3 bxc3+ 43. Kxc3 Bf3 44. a5 Bg4 45. a6 Bc8 46. a7 Bb7
47. h4 1-0

[Event "Acropolis 2008"]
[Site "Athens"]
[Date "2008.08.11"]
[Round "3.17"]
[White "Melia, Salome"]
[Black "Pavlidis, Anastasios"]
[Result "1-0"]
[WhiteElo "2416"]
[BlackElo "2270"]
[PlyCount "163"]
[EventDate "2008.08.09"]

1. e4 e5 2. Nf3 Nc6 3. Bb5 a6 4. Ba4 Nf6 5. d3 b5 6. Bb3 Be7 7. O-O d6 8. c3
O-O 9. Re1 Na5 10. Bc2 c5 11. Nbd2 Re8 12. Nf1 h6 13. h3 Bf8 14. Ng3 Bb7 15. d4
exd4 16. cxd4 cxd4 17. Nxd4 d5 18. e5 Ne4 19. Ngf5 Nc4 20. f3 Nc5 21. f4 Ne4
22. Qg4 Qb6 23. b3 Bc8 24. bxc4 Bxf5 25. Qxf5 Qxd4+ 26. Be3 Qxc4 27. Bb3 Qc6
28. Rac1 Qe6 29. Qh5 Rac8 30. Rcd1 Red8 31. Bd4 g6 32. Qf3 Bb4 33. Re2 Bc3 34.
Be3 a5 35. a3 a4 36. Ba2 Ba5 37. Bd4 Nc3 38. Bxc3 Rxc3 39. Rd3 Bb6+ 40. Kh2 Rc1
41. Bxd5 Qe7 42. g3 Rdc8 43. Qe4 Kg7 44. f5 gxf5 45. Qxf5 R8c2 46. Rdd2 Rc3 47.
Re4 Be3 48. Re2 Bg5 49. h4 Qa7 50. Rd4 Rc7 51. Qg4 R7c2 52. Bf3 Rc4 53. Red2
R1c2 54. Rxc2 Rxd4 55. Be4 Qb7 56. Bxb7 Rxg4 57. hxg5 b4 58. gxh6+ Kxh6 59.
axb4 Rxb4 60. Bd5 Rb5 61. Bxf7 Rxe5 62. Ba2 Rb5 63. Kh3 Kg5 64. Rc4 Ra5 65. Rd4
Ra7 66. Rd5+ Kf6 67. Kg4 a3 68. Rc5 Kg6 69. Rc6+ Kg7 70. Kf4 Ra5 71. g4 Ra8 72.
Rc7+ Kh8 73. Kg5 Ra5+ 74. Kf6 Rf5+ 75. Ke7 Rg5 76. Rc8+ Kg7 77. Be6 Ra5 78. Rc1
Ra7+ 79. Kd6 Ra6+ 80. Ke5 Kg6 81. Bf5+ Kg5 82. Ra1 1-0

[Event "Acropolis 2008"]
[Site "Athens"]
[Date "2008.08.11"]
[Round "3.18"]
[White "Kanakaris, Georgios"]
[Black "D`costa, Lorin A R"]
[Result "1-0"]
[WhiteElo "2284"]
[BlackElo "2414"]
[PlyCount "142"]
[EventDate "2008.08.09"]

1. d4 Nf6 2. c4 e6 3. Nf3 b6 4. g3 Ba6 5. b3 d5 6. Bg2 Bb4+ 7. Bd2 Bd6 8. Qc2
O-O 9. O-O Nbd7 10. Rd1 c5 11. dxc5 Bxc5 12. b4 Be7 13. b5 Bb7 14. cxd5 Rc8 15.
Nc3 Nxd5 16. Rac1 Ba3 17. Rb1 Qc7 18. Ng5 N7f6 19. Qa4 Be7 20. Nxd5 Bxd5 21. e4
Ba8 22. Rbc1 Qb7 23. Bf3 Qb8 24. Rxc8 Rxc8 25. Qb3 Rf8 26. Bc3 h6 27. Nxe6 fxe6
28. Qxe6+ Kh8 29. Qxe7 Re8 30. Qf7 Rf8 31. Qg6 Qc7 32. Bxf6 Rxf6 33. Qe8+ Kh7
34. Bg4 Qc2 35. Qxa8 Rxf2 36. e5 h5 37. Qc6 hxg4 38. Qxc2+ Rxc2 39. e6 Re2 40.
Rd7 Rxa2 41. e7 Re2 42. Rxa7 Kg8 43. Rb7 Kf7 44. e8=Q+ Kxe8 45. Rxg7 Re4 46.
Rg6 Rb4 47. Rxb6 Rb1+ 48. Kf2 Rb2+ 49. Ke3 Rxh2 50. Kf4 Rc2 51. Kxg4 Rc5 52.
Kf4 Kf7 53. g4 Kg7 54. g5 Rc4+ 55. Kf5 Rc5+ 56. Kg4 Rc1 57. g6 Rg1+ 58. Kf5
Rf1+ 59. Ke5 Re1+ 60. Kd5 Rd1+ 61. Kc6 Kxg6 62. Kc7+ Kf7 63. Rd6 Rb1 64. b6 Ke7
65. Rd4 Rc1+ 66. Kb8 Rb1 67. b7 Ra1 68. Kc7 Rc1+ 69. Kb6 Rb1+ 70. Kc6 Rb2 71.
Rd5 Ra2 1-0

[Event "Acropolis 2008"]
[Site "Athens"]
[Date "2008.08.11"]
[Round "3.19"]
[White "Maric, Alisa"]
[Black "Sarandos, Vasilios"]
[Result "1-0"]
[WhiteElo "2412"]
[BlackElo "2259"]
[PlyCount "61"]
[EventDate "2008.08.09"]

1. Nf3 d5 2. e3 Nf6 3. c4 c6 4. Qc2 e6 5. b3 Nbd7 6. Bb2 Bd6 7. d4 O-O 8. Nbd2
Qe7 9. Bd3 h6 10. Ne5 Ba3 11. O-O Bxb2 12. Qxb2 Nxe5 13. dxe5 Nd7 14. f4 f6 15.
exf6 Qxf6 16. Qc2 b6 17. Kh1 Bb7 18. e4 Rac8 19. Rae1 Qh4 20. Nf3 Qxf4 21. exd5
Nf6 22. dxe6 Rfd8 23. e7 Rd6 24. Bg6 c5 25. Ne5 Qg5 26. Nf7 Rd2 27. Nxg5 Bxg2+
28. Kg1 Rxc2 29. Rxf6 gxf6 30. Bxc2 Bc6 31. Ne4 1-0

[Event "Acropolis 2008"]
[Site "Athens"]
[Date "2008.08.11"]
[Round "3.20"]
[White "Nikolaidis, Konstantinos"]
[Black "Georgiadis, Ioannis"]
[Result "0-1"]
[WhiteElo "2279"]
[BlackElo "2373"]
[PlyCount "52"]
[EventDate "2008.08.09"]

1. e4 c5 2. Nf3 d6 3. d4 cxd4 4. Nxd4 Nf6 5. Nc3 a6 6. Be3 e5 7. Nf3 Be7 8. Bc4
O-O 9. O-O Be6 10. Bxe6 fxe6 11. Na4 Nfd7 12. c4 Nc6 13. Qe2 Rc8 14. Rfd1 Qe8
15. Nb6 Nxb6 16. Bxb6 Qg6 17. Rd3 Rf4 18. Nd2 Rcf8 19. f3 d5 20. Be3 dxe4 21.
fxe4 Nd4 22. Rxd4 exd4 23. Bxf4 Rxf4 24. Rf1 Bg5 25. Qd3 Rg4 26. Qxd4 Rxg2+ 0-1

[Event "Acropolis 2008"]
[Site "Athens"]
[Date "2008.08.11"]
[Round "3.21"]
[White "Galopoulos, Nikolaos"]
[Black "Asik, Josip"]
[Result "1/2-1/2"]
[WhiteElo "2270"]
[BlackElo "2368"]
[PlyCount "127"]
[EventDate "2008.08.09"]

1. Nf3 Nf6 2. d4 e6 3. c4 b6 4. Bf4 Bb7 5. e3 Be7 6. h3 O-O 7. Bd3 c5 8. Nc3 d5
9. O-O Nc6 10. cxd5 Nxd5 11. Nxd5 exd5 12. dxc5 bxc5 13. Rc1 Qb6 14. Qe2 Nb4
15. Rfd1 Nxa2 16. Ra1 Nb4 17. Bb1 Ba6 18. Qd2 Rad8 19. Ne5 Bb5 20. Bf5 Rfe8 21.
e4 g6 22. Ng4 gxf5 23. Nh6+ Kf8 24. Nxf5 f6 25. Bd6 Bxd6 26. Qh6+ Kf7 27. Rxa7+
Rd7 28. Qxh7+ Ke6 29. Ng7+ Ke7 30. Nxe8+ Kxe8 31. Qg6+ Ke7 32. Qg7+ Ke8 33.
Rxd7 Bxd7 34. exd5 c4 35. Re1+ Be5 36. Qg6+ Kd8 37. Rxe5 Nd3 38. Re2 Kc7 39.
Rc2 Qb3 40. Rc3 Qd1+ 41. Kh2 Nxb2 42. Qg3+ Kc8 43. Qd6 Qd4 44. Rg3 Qe5 45. Qb6
Na4 46. Qa6+ Kd8 47. Qxc4 Nb6 48. Qc3 Qxc3 49. Rxc3 Nxd5 50. Rd3 Be6 51. f4 Ke7
52. Kg3 f5 53. Kf3 Nf6 54. g3 Bd5+ 55. Ke3 Bg2 56. h4 Bh3 57. Kd4 Ke6 58. Ra3
Nh5 59. Ra6+ Kf7 60. Ke5 Bg4 61. Ra3 Bh3 62. Ra7+ Kg6 63. Ra8 Kg7 64. Ra3
1/2-1/2

[Event "Acropolis 2008"]
[Site "Athens"]
[Date "2008.08.11"]
[Round "3.22"]
[White "Karagiannis, Athanasios"]
[Black "Sigalas, Frangiskos"]
[Result "1/2-1/2"]
[WhiteElo "2357"]
[BlackElo "2242"]
[PlyCount "59"]
[EventDate "2008.08.09"]

1. d4 e6 2. Nc3 d5 3. e4 Bb4 4. e5 c5 5. a3 Bxc3+ 6. bxc3 Ne7 7. Nf3 b6 8. a4
Ba6 9. Ba3 Bxf1 10. Kxf1 Nd7 11. g3 O-O 12. Kg2 Nc6 13. Qe2 Qc7 14. h4 f6 15.
Rae1 fxe5 16. dxe5 Rae8 17. Bc1 Rf5 18. Bf4 Nf8 19. h5 Qf7 20. Ng5 Qe7 21. Qg4
h6 22. Nf3 Qf7 23. c4 Kh7 24. c3 Na5 25. cxd5 exd5 26. Nh4 Rxh5 27. Nf3 Rxh1
28. Rxh1 Ne6 29. Bc1 Rf8 30. Rd1 1/2-1/2

[Event "Acropolis 2008"]
[Site "Athens"]
[Date "2008.08.11"]
[Round "3.23"]
[White "Exizoglou, Dimitrios"]
[Black "Astaneh Lopez, Alex"]
[Result "1-0"]
[WhiteElo "2251"]
[BlackElo "2357"]
[PlyCount "113"]
[EventDate "2008.08.09"]

1. e4 e5 2. Nf3 Nc6 3. Bb5 Nf6 4. O-O Nxe4 5. d4 Nd6 6. Bxc6 dxc6 7. dxe5 Nf5
8. Qxd8+ Kxd8 9. Nc3 h6 10. Rd1+ Ke8 11. h3 Ne7 12. Nd4 a6 13. Ne4 Ng6 14. f4
c5 15. Ne2 h5 16. c4 Be6 17. b3 Rd8 18. Be3 b6 19. N2c3 Ne7 20. Ng5 Nf5 21.
Nxe6 fxe6 22. Rxd8+ Kxd8 23. Rd1+ Kc8 24. Kf2 Be7 25. Ne4 Kb7 26. g3 Kc6 27.
Ke2 a5 28. a4 g6 29. Bf2 Nh6 30. Kf3 Nf7 31. Be3 Rf8 32. Ke2 Rg8 33. Rf1 Kd7
34. g4 hxg4 35. hxg4 Rh8 36. Nf2 g5 37. Rh1 Rg8 38. Kf3 gxf4 39. Bxf4 Bf8 40.
Ne4 Bg7 41. Rh7 Ke8 42. Nf6+ Bxf6 43. exf6 e5 44. Rg7 Rh8 45. Bg3 Rh6 46. g5
Nxg5+ 47. Rxg5 Rxf6+ 48. Ke4 Rf1 49. Bxe5 Rb1 50. Rg3 Kd7 51. Rg7+ Ke6 52. Bxc7
Rxb3 53. Rg6+ Kd7 54. Bxb6 Rb4 55. Kd5 Rxa4 56. Rg7+ Ke8 57. Ra7 1-0

[Event "Acropolis 2008"]
[Site "Athens"]
[Date "2008.08.11"]
[Round "3.24"]
[White "Stefanidi, Maria-Anna"]
[Black "Sergeev, Aleksander"]
[Result "0-1"]
[WhiteElo "2095"]
[BlackElo "2354"]
[PlyCount "92"]
[EventDate "2008.08.09"]

1. e4 e5 2. Nf3 Nf6 3. Bc4 Nxe4 4. d3 Nf6 5. Nxe5 d5 6. Bb3 Bd6 7. Nf3 O-O 8.
O-O h6 9. h3 c5 10. a4 Nc6 11. c3 Bf5 12. Nh4 Bh7 13. f4 Rc8 14. Na3 Re8 15.
Kh1 Bb8 16. Qf3 a6 17. Bc2 Qd6 18. d4 cxd4 19. Bxh7+ Kxh7 20. Nc2 dxc3 21. bxc3
Ne4 22. Qg4 Qf6 23. Bb2 Nd2 24. Rf2 Nc4 25. Bc1 Ba7 26. Rf3 Rc7 27. Ra2 Rce7
28. Rf1 Re4 29. Nf3 Re2 30. Nb4 Rxa2 31. Nxa2 Qg6 32. Qd7 Re2 33. Nh4 Qh5 34.
Nb4 Nxb4 35. cxb4 Bb6 36. a5 Qxh4 37. axb6 Qe7 38. Qxd5 Nxb6 39. Qf5+ Kg8 40.
Qd3 Qe4 41. Qd8+ Kh7 42. Rg1 Nc4 43. Qd7 f5 44. b5 a5 45. Qc7 a4 46. Qc5 a3 0-1

[Event "Acropolis 2008"]
[Site "Athens"]
[Date "2008.08.11"]
[Round "3.25"]
[White "Angelis, Mihail"]
[Black "Rudolf, Anna"]
[Result "0-1"]
[WhiteElo "2224"]
[BlackElo "2337"]
[PlyCount "170"]
[EventDate "2008.08.09"]

1. Nf3 Nf6 2. g3 b5 3. d4 Bb7 4. Nbd2 e6 5. e3 a6 6. Bd3 c5 7. c3 Nc6 8. Qe2
Be7 9. O-O O-O 10. Re1 Re8 11. Ne5 d6 12. Nxc6 Bxc6 13. e4 cxd4 14. cxd4 Qb6
15. Nb3 a5 16. Be3 Qb7 17. f3 b4 18. Rac1 a4 19. Nd2 Nd7 20. f4 Nf8 21. Rxc6
Qxc6 22. Bb5 Qb7 23. Bxe8 Rxe8 24. Rc1 d5 25. e5 Rc8 26. Rxc8 Qxc8 27. Qd1 Qc6
28. Kf2 Nd7 29. b3 Nb6 30. Nb1 axb3 31. axb3 Nc8 32. Qc1 Qb7 33. Qc2 Na7 34.
Nd2 Nb5 35. f5 Nc3 36. fxe6 fxe6 37. Qd3 Qa8 38. Kg2 Qe8 39. h4 h6 40. Qf1 Qg6
41. Kh3 Qc2 42. Qa6 Qf5+ 43. g4 Qf7 44. Qf1 Qg6 45. h5 Qe8 46. Qd3 Qf7 47. Qg6
Bd8 48. g5 Qxg6 49. hxg6 Nd1 50. Nf1 Bb6 51. Bg1 Nb2 52. Kg4 Nd3 53. Be3 hxg5
54. Kxg5 Ne1 55. Bf2 Nf3+ 56. Kf4 Nxd4 57. Bxd4 Bxd4 58. Nd2 Bc3 59. Nf3 Kf8
60. Ke3 Ke7 61. Kd3 Kd7 62. Ke3 Kc6 63. Kd3 Kc5 64. Ng5 Bxe5 65. Nxe6+ Kc6 66.
Ng5 Kd7 67. Nf3 Ke6 68. Ne1 Bc3 69. Ng2 Kf5 70. Ne3+ Ke5 71. Ng4+ Ke6 72. Ne3
d4 73. Ng2 Kf5 74. Nh4+ Kg5 75. Nf3+ Kxg6 76. Ke4 Kf6 77. Ne5 Kg5 78. Nd3 Kg4
79. Ne5+ Kg3 80. Ng6 Kf2 81. Kd3 Ke1 82. Ne5 Kd1 83. Nc6 Kc1 84. Nxb4 Bxb4 85.
Kxd4 Kb2 0-1

[Event "Acropolis 2008"]
[Site "Athens"]
[Date "2008.08.11"]
[Round "3.27"]
[White "Gazis, Efstathios"]
[Black "Makka, Ioulia"]
[Result "0-1"]
[WhiteElo "2308"]
[BlackElo "2225"]
[PlyCount "136"]
[EventDate "2008.08.09"]

1. e4 e6 2. d4 d5 3. exd5 exd5 4. c4 Nf6 5. Nc3 Bb4 6. Bd3 dxc4 7. Bxc4 O-O 8.
Nge2 Nd5 9. O-O Be6 10. Bd3 Nd7 11. a3 Be7 12. Ng3 N7f6 13. Nf5 Bxf5 14. Bxf5
c6 15. Re1 Re8 16. Bg5 Qa5 17. Re5 h6 18. Nxd5 Nxd5 19. Bxe7 Rxe7 20. Qe1 Qc7
21. Qe4 Rae8 22. Re1 Qd6 23. g3 Kf8 24. Bh3 Kg8 25. Bf1 g6 26. Bc4 Kf8 27. Bxd5
Rxe5 28. dxe5 Qxd5 29. Qf4 Kg7 30. Qf6+ Kg8 31. Qf4 Kg7 32. g4 Re6 33. h4 Qd8
34. g5 h5 35. Qe3 b6 36. Re2 Qe7 37. f4 c5 38. Rd2 Qc7 39. Qe4 c4 40. Rd5 c3
41. bxc3 Qxc3 42. Qd4 Qc1+ 43. Qd1 Qxf4 44. Qd4 Qc1+ 45. Qd1 Qxa3 46. Qd4 Qc1+
47. Kg2 Qc2+ 48. Kf3 Qf5+ 49. Ke3 Qh3+ 50. Kd2 Qg2+ 51. Ke1 Qg3+ 52. Kd2 a5 53.
Rb5 Qg2+ 54. Ke1 Qc6 55. Rd5 a4 56. Kd2 a3 57. Rd6 Qg2+ 58. Ke3 Qg1+ 59. Ke4
Qg4+ 60. Kd3 Qxd4+ 61. Rxd4 Rxe5 62. Kc2 Ra5 63. Kb1 a2+ 64. Ka1 b5 65. Rd8 Ra4
66. Rb8 Rxh4 67. Rxb5 Ra4 68. Rb8 Ra5 0-1

[Event "Acropolis 2008"]
[Site "Athens"]
[Date "2008.08.11"]
[Round "3.28"]
[White "Fernandez, Daniel Howard"]
[Black "Velcheva, Maria"]
[Result "0-1"]
[WhiteElo "2215"]
[BlackElo "2281"]
[PlyCount "56"]
[EventDate "2008.08.09"]

1. e4 c5 2. Nf3 e6 3. d4 cxd4 4. Nxd4 Nf6 5. Nc3 Nc6 6. Nxc6 bxc6 7. e5 Nd5 8.
Ne4 Qc7 9. f4 Qb6 10. c4 Bb4+ 11. Ke2 f5 12. Nf2 Ba6 13. Kf3 Ne7 14. Be3 Bc5
15. Bxc5 Qxc5 16. Qa4 Bb7 17. b4 Qd4 18. Re1 c5+ 19. Kg3 g5 20. fxg5 f4+ 21.
Kh3 Qxf2 22. Re2 Qd4 23. Qb5 Qd3+ 24. Kh4 Ng6+ 25. Kh5 h6 26. Qxb7 hxg5+ 27.
Kg4 Rh4+ 28. Kxg5 Qf5# 0-1

[Event "Acropolis 2008"]
[Site "Athens"]
[Date "2008.08.11"]
[Round "3.29"]
[White "Nathanail, Emanouel"]
[Black "Stefanopoulos, Orestis"]
[Result "0-1"]
[WhiteElo "2219"]
[BlackElo "2279"]
[PlyCount "116"]
[EventDate "2008.08.09"]

1. e4 c6 2. d4 d5 3. Nc3 dxe4 4. Bc4 Bf5 5. f3 e3 6. Bxe3 Nf6 7. g4 Bg6 8. Nge2
b5 9. Bd3 e6 10. Nf4 Bxd3 11. Qxd3 b4 12. Ne4 Nd5 13. O-O-O Be7 14. h4 Nxf4 15.
Bxf4 Qd5 16. Kb1 Nd7 17. g5 Nb6 18. Be5 O-O 19. h5 Nd7 20. Bf4 Qf5 21. Qe3 Nb6
22. Ng3 Qd5 23. Qe4 Rad8 24. Bc7 Rd7 25. Bxb6 axb6 26. f4 Qxe4 27. Nxe4 Rfd8
28. c3 bxc3 29. bxc3 c5 30. Rd3 cxd4 31. Rhd1 Bc5 32. Nxc5 bxc5 33. cxd4 cxd4
34. a4 Kf8 35. a5 Rb8+ 36. Ka2 Rb5 37. a6 Ra5+ 38. Kb3 Rxa6 39. Rxd4 Rxd4 40.
Rxd4 Ke7 41. Rb4 Rd6 42. Kc3 Rd7 43. Rb8 f6 44. Rh8 Kf7 45. Rxh7 Kg8 46. g6 Rd1
47. h6 gxh6 48. Re7 Rf1 49. Rxe6 Rxf4 50. Kd3 Kg7 51. Ke3 Rf1 52. Ra6 Kxg6 53.
Ra5 h5 54. Rb5 h4 55. Ke2 Rf5 56. Rb8 h3 57. Rg8+ Kh5 58. Rh8+ Kg4 0-1

[Event "Acropolis 2008"]
[Site "Athens"]
[Date "2008.08.11"]
[Round "3.30"]
[White "Goumas, Georgios"]
[Black "Margaritis, Fotios"]
[Result "1-0"]
[WhiteElo "2276"]
[BlackElo "2220"]
[PlyCount "63"]
[EventDate "2008.08.09"]

1. e4 c5 2. b3 e6 3. Bb2 b6 4. Nc3 Bb7 5. Nf3 a6 6. g3 Qc7 7. Bg2 Nc6 8. O-O
Nf6 9. Re1 O-O-O 10. d4 cxd4 11. Nxd4 Nxd4 12. Qxd4 Bc5 13. Qd1 h5 14. Na4 h4
15. Nxc5 bxc5 16. b4 hxg3 17. hxg3 d5 18. Bxf6 gxf6 19. Qf3 dxe4 20. Qxf6 Rh5
21. Rad1 Rdh8 22. Re3 c4 23. Rd4 Bd5 24. Bxe4 Rh1+ 25. Kg2 R8h2+ 26. Kf3 Rf1
27. Re2 Bxe4+ 28. Rdxe4 Qb7 29. Kg4 Qd5 30. Re5 Qd4+ 31. f4 Rxe2 32. Rc5+ 1-0

[Event "Acropolis 2008"]
[Site "Athens"]
[Date "2008.08.11"]
[Round "3.31"]
[White "Skiadopoulos, Nikolaos"]
[Black "Simeonidis, Ioannis"]
[Result "0-1"]
[WhiteElo "2210"]
[BlackElo "2275"]
[PlyCount "82"]
[EventDate "2008.08.09"]

1. e4 d5 2. exd5 Qxd5 3. Nc3 Qa5 4. Nf3 Nf6 5. Bc4 Bg4 6. h3 Bh5 7. d3 c6 8. g4
Bg6 9. Bd2 Qc7 10. Qe2 Nbd7 11. O-O-O e6 12. Nd4 O-O-O 13. f4 Bc5 14. Nb3 Bd6
15. Qf3 Nb6 16. Ne2 Nxc4 17. dxc4 Be4 18. Qf2 Bxh1 19. Rxh1 Ne4 20. Qxa7 Nxd2
21. Nxd2 Bxf4 22. Nxf4 Qxf4 23. Rd1 Rd7 24. Qa8+ Qb8 25. Qxb8+ Kxb8 26. Rf1 f6
27. b3 e5 28. a4 Rd4 29. Re1 h5 30. g5 Rh4 31. gxf6 gxf6 32. Re3 Rg8 33. Ne4
Rg1+ 34. Kb2 Rf4 35. Nd6 h4 36. c5 Rg3 37. Re2 Rxh3 38. Rd2 Rg3 39. Ne8 Rd4 40.
Rf2 Rg6 41. Nxf6 Rf4 0-1

[Event "Acropolis 2008"]
[Site "Athens"]
[Date "2008.08.11"]
[Round "3.32"]
[White "Fakhiridou, Ekaterini"]
[Black "Pountzas, Hrisanthos"]
[Result "0-1"]
[WhiteElo "2274"]
[BlackElo "2202"]
[PlyCount "81"]
[EventDate "2008.08.09"]

1. e4 c5 2. b3 Nf6 3. e5 Nd5 4. Bb2 Nc6 5. Nf3 d6 6. Bb5 Qb6 7. Bc4 Nf4 8. g3
d5 9. gxf4 dxc4 10. Qe2 cxb3 11. axb3 Bg4 12. Rg1 h5 13. Qe4 e6 14. Na3 O-O-O
15. Nc4 Qc7 16. Ne3 Bxf3 17. Qxf3 g6 18. Qe4 Kb8 19. Nc4 h4 20. Bc3 Rh5 21. Rg5
Rh7 22. Rg4 h3 23. O-O-O b5 24. Nd6 Bxd6 25. exd6 Rxd6 26. Qe2 a6 27. Rg5 Nd4
28. Qe4 Qb7 29. Qe5 Qd5 30. Qf6 Qc6 31. Qe7 Qc7 32. Qxc7+ Kxc7 33. Rxc5+ Kb6
34. Re5 Rh4 35. Bb4 Rd7 36. Kb2 Rxf4 37. Bc5+ Kc6 38. Ra1 Kb7 39. d3 Rxf2 40.
Re4 Rxc2+ 41. Kb1 0-1

[Event "Acropolis 2008"]
[Site "Athens"]
[Date "2008.08.11"]
[Round "3.33"]
[White "Pavlidis, Antonios"]
[Black "Galopoulos, Panagiotis"]
[Result "0-1"]
[WhiteElo "2266"]
[BlackElo "2200"]
[PlyCount "72"]
[EventDate "2008.08.09"]

1. e4 c5 2. Nf3 Nc6 3. d4 cxd4 4. Nxd4 Nf6 5. Nc3 e5 6. Ndb5 d6 7. Bg5 a6 8.
Na3 b5 9. Bxf6 gxf6 10. Nd5 f5 11. c3 Bg7 12. Bd3 Be6 13. Nxb5 axb5 14. Bxb5
Rc8 15. Qa4 O-O 16. Bxc6 fxe4 17. O-O Kh8 18. b4 f5 19. b5 Rxc6 20. bxc6 Bxd5
21. Rfd1 Be6 22. Rab1 d5 23. Qa7 Bc8 24. c7 Qd7 25. Rb8 d4 26. Qc5 f4 27. cxd4
exd4 28. Rb4 Re8 29. Rbxd4 Bxd4 30. Rxd4 Qg7 31. g3 e3 32. Rd8 Qa1+ 33. Kg2 f3+
34. Kxf3 Qf6+ 35. Ke2 Qb2+ 36. Kd3 Ba6+ 0-1